Mahomet, prophète des Arabes : esquisses de la vie de Mahomet et des origines de l'Islam /

Saved in:

Main Author: Holma, Harri, 1886-1954 (Author)

Format: Book

Language: French

Published: Paris : Flammarion, [1946].

Subjects:

Tags: Add Tag

No Tags, Be the first to tag this record!

Call Number: BP75 .H6214 1946

LEADER 00877nam a2200265I 4500
001 7189
003 OSt
005 20250923092449.0
008 130303s1946 fr b 000 0bfre d
010 |a 65040998 
035 |a ocm00385548 
040 |c ARCE Library 
050 4 |a BP75 .H6214 1946 
100 1 |a Holma, Harri,  |d 1886-1954,  |e author  |9 32196 
245 1 0 |a Mahomet, prophète des Arabes :  |b esquisses de la vie de Mahomet et des origines de l'Islam /  |c Traduction du finnois revisée par l'auteur. 
246 3 |a Mahomet, prophète de l'Islam. 
264 1 |a Paris :  |b Flammarion,  |c [1946]. 
300 |a 212 pages ;  |c 19 cm. 
500 |a Cover title : Mahomet, prophète de l'Islam. 
500 |a Translation of Arabian suuri profeeta. 
504 |a Bibliographical footnotes. 
600 0 0 |a Muḥammad,  |c Prophet,  |d -632. 
901 |a reviewed 
942 |c BK  |2 lcc 
999 |c 5042  |d 5042